Así lucharon / (Record no. 6229)
[ view plain ]
| 000 -CABECERA | |
|---|---|
| campo de control de longitud fija | 00541nam a2200181 a 4500 |
| 001 - NÚMERO DE CONTROL | |
| campo de control | 000006434 |
| 005 - FECHA Y HORA DE LA ÚLTIMA TRANSACCIÓN | |
| campo de control | 20200929153930.0 |
| 008 - DATOS DE LONGITUD FIJA--INFORMACIÓN GENERAL | |
| campo de control de longitud fija | 830624s1983 ag 000 0 spa |
| 020 ## - NÚMERO INTERNACIONAL ESTÁNDAR DEL LIBRO | |
| Número Internacional Estándar del Libro | 950070093X |
| 040 ## - FUENTE DE LA CATALOGACIÓN | |
| Centro catalogador/agencia de origen | DO-SdBNP |
| Lengua de catalogación | spa |
| Centro/agencia transcriptor | BNPHU |
| 082 ## - NÚMERO DE LA CLASIFICACIÓN DECIMAL DEWEY | |
| Número de clasificación | 982.064 |
| Número de documento/Ítem | T956a, 1983 |
| 100 1# - ENTRADA PRINCIPAL--NOMBRE DE PERSONA | |
| Nombre de persona | Túrolo (h.) , Carlos M. |
| 9 (RLIN) | 17857 |
| 245 10 - MENCIÓN DE TÍTULO | |
| Título | Así lucharon / |
| Mención de responsabilidad, etc. | Carlos M. Túrolo (h.). |
| 250 ## - MENCIÓN DE EDICIÓN | |
| Mención de edición | 4a ed. |
| 260 ## - PUBLICACIÓN, DISTRIBUCIÓN, ETC. | |
| Lugar de publicación, distribución, etc. | Buenos Aires, Argentina : |
| Nombre del editor, distribuidor, etc. | Sudamericana, |
| Fecha de publicación, distribución, etc. | 1983. |
| 300 ## - DESCRIPCIÓN FÍSICA | |
| Extensión | 327 p. ; |
| Dimensiones | 20 cm. |
| 650 #4 - PUNTO DE ACCESO ADICIONAL DE MATERIA--TÉRMINO DE MATERIA | |
| Término de materia o nombre geográfico como elemento de entrada | Guerra de las islas malvinas |
| Subdivisión cronológica | 1982 |
| 9 (RLIN) | 17858 |
| Estado de retiro | Estado de pérdida | Restricciones de uso | No para préstamo | Código de colección | Localización permanente | Ubicación/localización actual | Ubicación en estantería | Fecha de adquisición | Número de inventario | Total de préstamos | Signatura topográfica completa | Código de barras | Fecha visto por última vez | Precio válido a partir de | Tipo de ítem Koha | Número de copia |
|---|---|---|---|---|---|---|---|---|---|---|---|---|---|---|---|---|
| Préstamo interno | Monografías: Libros y Folletos | General | General | Depósito | 28.08.2009 | LF1 | 982.064 T956a, 1983 | 6434-10 | 25.06.2020 | 25.06.2020 | Préstamo interno | |||||
| Excluido de préstamo | Monografías: Libros y Folletos | General | General | Depósito | 01.09.2009 | LF1 | 982.064 T956a, 1983 | 6434-20 | 25.06.2020 | 25.06.2020 | No se presta | e. 2 | ||||
| Extraviado | Monografías: Libros y Folletos | General | General | Extraviado | 03.04.2017 | LF1 | 982.064 T956a, 1983 | 6434-30 | 25.06.2020 | 25.06.2020 | Préstamo en sala | e. 3 |
